Listen carefully : Bài tập luyện nghe tiếng Anh
"Listen CareFully" có 15 bài, được trình bày theo các chủ đề phổ biến trong giao tiếp hàng ngày như: đi mua sắm, ăn tiệm, du lịch, sức khỏe... Mỗi bài được sắp xếp theo trình tự khó dần...
Wedi'i Gadw mewn:
| Prif Awdur: | |
|---|---|
| Fformat: | Llyfr |
| Iaith: | Undetermined |
| Cyhoeddwyd: |
Thành phố Hồ Chí Minh
Trẻ
2007
|
| Pynciau: | |
| Tagiau: |
Ychwanegu Tag
Dim Tagiau, Byddwch y cyntaf i dagio'r cofnod hwn!
|
| Thư viện lưu trữ: | Trung tâm Học liệu Trường Đại học Cần Thơ |
|---|
| LEADER | 01042nam a2200217Ia 4500 | ||
|---|---|---|---|
| 001 | CTU_228426 | ||
| 008 | 210402s9999 xx 000 0 und d | ||
| 082 | |a 428.34 | ||
| 082 | |b R514 | ||
| 100 | |a Richards, Jack C. | ||
| 245 | 0 | |a Listen carefully : | |
| 245 | 0 | |b Bài tập luyện nghe tiếng Anh | |
| 245 | 0 | |c Jack C. Richards ; Trần Văn Thành, Nguyễn Thanh Yến (Giới thiệu và chú giải) | |
| 260 | |a Thành phố Hồ Chí Minh | ||
| 260 | |b Trẻ | ||
| 260 | |c 2007 | ||
| 520 | |a "Listen CareFully" có 15 bài, được trình bày theo các chủ đề phổ biến trong giao tiếp hàng ngày như: đi mua sắm, ăn tiệm, du lịch, sức khỏe... Mỗi bài được sắp xếp theo trình tự khó dần... | ||
| 650 | |a Tiếng Anh,English language | ||
| 650 | |x Sách giáo khoa cho người nước ngoài,Textbooks for foreign speakers | ||
| 910 | |b nthai | ||
| 980 | |a Trung tâm Học liệu Trường Đại học Cần Thơ | ||